[Event "Blitz RR (May 2016) 1500-1799 "]
[Site "SchemingMind.com"]
[Date "2016.04.21"]
[Round "-"]
[White "Quaff"]
[Black "Simon Green"]
[Result "0-1"]
[WhiteCountry "ENG"]
[BlackCountry "ENG"]
[WhiteElo "1612"]
[WhiteRD "58"]
[BlackElo "1621"]
[BlackRD "55"]
[GameID "398224"]

1. e4 e6 2. f4 d5 3. e5 c5 4. Nf3 Nc6 5. Bb5 Bd7 6. Bxc6 Bxc6 7. O-O c4 8. c3 Bc5+ 9. Kh1 Ne7 10. d3 cxd3
11. Qxd3 Nf5 12. b4 Bb6 13. a4 a5 14. b5 Bd7 15. Na3 O-O 16. Bd2 Rc8 17. Rfc1 f6 18. c4 Be8 19. cxd5 Rxc1+ 20. Rxc1 Bg6
21. Qc3 exd5
0-1

[Event "Blitz RR (May 2016) 1500-1799 "]
[Site "SchemingMind.com"]
[Date "2016.04.20"]
[Round "-"]
[White "Simon Green"]
[Black "Quaff"]
[Result "1-0"]
[WhiteCountry "ENG"]
[BlackCountry "ENG"]
[WhiteElo "1621"]
[WhiteRD "55"]
[BlackElo "1612"]
[BlackRD "58"]
[GameID "398225"]

1. d4 c6 2. e3 d5 3. Bd3 Nf6 4. f4 e6 5. Nf3 Be7 6. O-O Nbd7 7. Nbd2 h6 8. Qe1 Nh7 9. b3 Ndf6 10. Ne5 Nd7
11. Ndf3 Bf6 12. Ba3 Nxe5 13. fxe5 Be7 14. Bxe7 Qxe7 15. Bxh7 Rxh7 16. Nd2 Bd7 17. c4 O-O-O 18. c5 f5 19. exf6 gxf6 20. Nf3 Rg7
21. Qh4 Rh8 22. Qf2 h5 23. Nd2
1-0

[Event "Blitz RR (May 2016) 1500-1799 "]
[Site "SchemingMind.com"]
[Date "2016.04.26"]
[Round "-"]
[White "emvarela"]
[Black "Simon Green"]
[Result "0-1"]
[WhiteCountry "ARG"]
[BlackCountry "ENG"]
[WhiteElo "1680"]
[WhiteRD "49"]
[BlackElo "1621"]
[BlackRD "55"]
[GameID "398519"]

1. e4 e6 2. d4 d5 3. Nc3 Nf6 4. e5 Nfd7 5. f4 c5 6. dxc5 Bxc5 7. Qg4 O-O 8. Bd3 f5 9. Qh3 Qb6 10. Nf3 Nc6
11. Ng5 Bf2+ 12. Kd2 h6 13. Nxe6 d4 14. Nxg7 Kxg7 15. Bxf5 dxc3+ 16. bxc3 Ne7 17. Qg4+ Kh8 18. Bxd7 Bxd7 19. Qf3 Bc6
0-1

[Event "Blitz RR (May 2016) 1500-1799 "]
[Site "SchemingMind.com"]
[Date "2016.04.26"]
[Round "-"]
[White "Simon Green"]
[Black "emvarela"]
[Result "1/2-1/2"]
[WhiteCountry "ENG"]
[BlackCountry "ARG"]
[WhiteElo "1613"]
[WhiteRD "61"]
[BlackElo "1652"]
[BlackRD "47"]
[GameID "398520"]

1. d4 Nf6 2. e3 d5 3. Bd3 e6 4. f4 c5 5. c3 c4 6. Bc2 Nc6 7. Nf3 h6 8. O-O Be7 9. Nbd2 O-O 10. Qe1 Bd7
11. Qg3 Nh7 12. Ne5 Nxe5 13. fxe5 f5 14. exf6 Rxf6 15. Nf3 Qf8 16. Bd2 Bd6 17. Qg4 Qe7 18. Ne5 Bxe5 19. dxe5 Rxf1+ 20. Rxf1 Rf8
21. Rxf8+ Nxf8 22. Kf2 Qf7+ 23. Qf3 Qxf3+ 24. gxf3 b5 25. e4 Kf7 26. Be3 Ng6 27. Kg3 dxe4 28. Bxe4 Nxe5 29. Bxa7 Nd3 30. Bxd3 cxd3
31. Kf2 Bc6 32. Ke3 d2 33. Kxd2 Bxf3 34. Ke3 Bd5 35. a3 g5 36. Bb8 Kf6 37. Bg3 Kf5 38. h4 g4 39. Kd4 h5 40. Be5 Bc4
41. Bg3 Kf6 42. Be5+=
1/2-1/2

[Event "Blitz RR (May 2016) 1500-1799 "]
[Site "SchemingMind.com"]
[Date "2016.04.30"]
[Round "-"]
[White "Quaff"]
[Black "j4orce"]
[Result "0-1"]
[WhiteCountry "ENG"]
[BlackCountry "USA"]
[WhiteElo "1612"]
[WhiteRD "58"]
[BlackElo "1665"]
[BlackRD "88"]
[GameID "398684"]

1. e4 d5 2. exd5 Qxd5 3. Nc3 Qe5+ 4. Qe2 Qd6 5. h3 Nc6 6. Nf3 a6 7. Qd3 Qxd3 8. Bxd3 e6 9. a3 Bd6 10. O-O Nf6
11. Nh2 Bxh2+ 12. Kxh2 Bd7 13. Ne4 Nxe4
0-1

[Event "Blitz RR (May 2016) 1500-1799 "]
[Site "SchemingMind.com"]
[Date "2016.04.30"]
[Round "-"]
[White "j4orce"]
[Black "Quaff"]
[Result "1-0"]
[WhiteCountry "USA"]
[BlackCountry "ENG"]
[WhiteElo "1665"]
[WhiteRD "88"]
[BlackElo "1612"]
[BlackRD "58"]
[GameID "398685"]

1. Nf3 d6 2. d4 h6 3. e4 Bg4 4. h3 Bh5 5. Nc3 e6 6. g4 Bg6 7. Bf4 Be7 8. Bc4 a6 9. Qe2 Nd7 10. a3 b5
11. Bd3 Bh7 12. e5 d5 13. h4 Nb6 14. g5 hxg5 15. Nxg5
1-0

[Event "Blitz RR (May 2016) 1500-1799 "]
[Site "SchemingMind.com"]
[Date "2016.04.29"]
[Round "-"]
[White "emvarela"]
[Black "j4orce"]
[Result "1-0"]
[WhiteCountry "ARG"]
[BlackCountry "USA"]
[WhiteElo "1680"]
[WhiteRD "49"]
[BlackElo "1665"]
[BlackRD "88"]
[GameID "398686"]

1. e4 e5 2. Nf3 Nc6 3. Bb5 Nf6 4. d3 Bd6 5. Bg5 Nd4 6. Nxd4 exd4 7. Qf3 Be5 8. Nd2 h6 9. Bxf6 Bxf6 10. Bc4 d6
11. O-O Be6 12. Bxe6 fxe6 13. Qh5+ Ke7 14. f4 e5 15. fxe5 dxe5 16. Rf5 Qg8 17. Rf2 g6 18. Qe2 Rf8 19. a3 Qe6 20. Raf1 Qa2
21. Nc4 b5 22. Na5 Qe6 23. c4 c5 24. cxb5 Qb6 25. Nc6+ Kf7 26. Rxf6+ Kg7 27. Rxg6+ Kxg6 28. Qg4+ Kh7 29. Qd7+ Kg6 30. Nxe5+
1-0

[Event "Blitz RR (May 2016) 1500-1799 "]
[Site "SchemingMind.com"]
[Date "2016.04.29"]
[Round "-"]
[White "j4orce"]
[Black "emvarela"]
[Result "0-1"]
[WhiteCountry "USA"]
[BlackCountry "ARG"]
[WhiteElo "1665"]
[WhiteRD "88"]
[BlackElo "1680"]
[BlackRD "49"]
[GameID "398687"]

1. e4 e5 2. Nf3 Nc6 3. c3 d5 4. exd5 Qxd5 5. d4 exd4 6. Nxd4 Nxd4 7. cxd4 Nf6 8. Nc3 Bb4 9. Qa4+ Bd7 10. Qxb4 Qe6+
11. Be2 Qb6 12. Qc4 O-O 13. b3 Rfe8 14. Be3 c6 15. h3 Rac8 16. Na4 Qc7 17. Rd1 b5 18. Qb4 bxa4 19. Qc3 axb3 20. axb3 Nd5
21. Qd2 Nxe3 22. fxe3 Qg3+ 23. Kf1 Rxe3 24. Bg4 Bxg4 25. hxg4 Rce8 26. Rh3 Qf4+ 27. Kg1 Qxg4 28. Rxe3 Rxe3 29. Re1 Rxe1+ 30. Qxe1 Qxd4+
31. Kh2 Qd7 32. Qb4 h6 33. Qc5 Qc7+ 34. Kh3 Qb7 35. b4 Qb5 36. Qxa7 Qxb4 37. Qa8+ Kh7 38. Qxc6 Qb3+ 39. g3 Qe6+ 40. Qxe6 fxe6
0-1

[Event "Blitz RR (May 2016) 1500-1799 "]
[Site "SchemingMind.com"]
[Date "2016.04.30"]
[Round "-"]
[White "Simon Green"]
[Black "j4orce"]
[Result "0-1"]
[WhiteCountry "ENG"]
[BlackCountry "USA"]
[WhiteElo "1621"]
[WhiteRD "55"]
[BlackElo "1665"]
[BlackRD "88"]
[GameID "398688"]

1. d4 d5 2. e3 e6 3. Bd3 Nf6 4. f4 Ne4 5. Bxe4 dxe4 6. Ne2 Nc6 7. c3 Qh4+ 8. Ng3 Bd6 9. O-O b6 10. Nxe4 Bd7
11. Nbd2 O-O-O 12. Nf3 Qh6 13. Nfg5 Be8 14. Qf3 Be7 15. Nh3 f5 16. Nd2 g5 17. Nc4 g4 18. Qg3 Bh4
0-1

[Event "Blitz RR (May 2016) 1500-1799 "]
[Site "SchemingMind.com"]
[Date "2016.04.30"]
[Round "-"]
[White "j4orce"]
[Black "Simon Green"]
[Result "0-1"]
[WhiteCountry "USA"]
[BlackCountry "ENG"]
[WhiteElo "1665"]
[WhiteRD "88"]
[BlackElo "1621"]
[BlackRD "55"]
[GameID "398689"]

1. d4 e6 2. Nf3 d5 3. Bf4 Bd6 4. Qd2 Nf6 5. Nc3 Nc6 6. a3 O-O 7. Bg5 Be7 8. h3 Nd7 9. e4 b6 10. Bd3 Bb7
11. O-O-O dxe4 12. Nxe4 Nf6 13. Nxf6+ Bxf6 14. d5 Bxg5 15. Nxg5 Qxd5 16. Qf4 Qe5 17. Qxe5 Nxe5 18. f3 h6 19. Ne4 Nxd3+ 20. Rxd3 Bxe4
21. fxe4 Rfd8 22. Rhd1 Rxd3 23. Rxd3 Kf8 24. e5 Ke7 25. h4 Rd8 26. Rg3 g6 27. c3 Rd5 28. Re3 f5 29. Rg3 Kf7 30. Re3 c5
31. Kc2 g5 32. g4 f4 33. Re2 Kg6 34. h5+ Kf7 35. Kb3 b5 36. a4 a6 37. axb5 axb5 38. Rc2 Rxe5 39. c4 Re3+ 40. Rc3 Re4
41. cxb5 Rb4+ 42. Ka3 Rxb5 43. b3 Ke7 44. Rd3 e5 45. Ka4 Rb4+ 46. Ka5 Ke6
0-1

[Event "Blitz RR (May 2016) 1500-1799 "]
[Site "SchemingMind.com"]
[Date "2016.05.02"]
[Round "-"]
[White "Quaff"]
[Black "mmccaffe"]
[Result "1-0"]
[WhiteCountry "ENG"]
[BlackCountry "USA"]
[WhiteElo "1612"]
[WhiteRD "58"]
[BlackElo "1647"]
[BlackRD "72"]
[GameID "398728"]

1. e4 c6 2. f4 d5 3. e5 Bf5 4. Nf3 e6 5. Be2 c5 6. c3 Nc6 7. d3 Qb6 8. O-O Nge7 9. b3 h6 10. Na3 O-O-O
11. Bd2 d4 12. c4 Nb4 13. Bxb4 Qxb4 14. Nb5 a6 15. Nd6+
1-0

[Event "Blitz RR (May 2016) 1500-1799 "]
[Site "SchemingMind.com"]
[Date "2016.05.02"]
[Round "-"]
[White "mmccaffe"]
[Black "Quaff"]
[Result "0-1"]
[WhiteCountry "USA"]
[BlackCountry "ENG"]
[WhiteElo "1598"]
[WhiteRD "71"]
[BlackElo "1615"]
[BlackRD "62"]
[GameID "398729"]

1. e4 e5 2. Nf3 Nc6 3. Bb5 d6 4. O-O Bd7 5. Re1 a6 6. Ba4 h6 7. c3 Nf6 8. d4 exd4 9. cxd4 Na7 10. Bxd7+ Qxd7
11. Nc3 Be7 12. e5 dxe5 13. Nxe5 Qc8 14. Be3 O-O 15. Qd2 c6 16. Rac1 Bb4 17. a3 Bxc3 18. Rxc3 Nb5 19. Rc2 Ne4 20. Qc1 f6
21. Nd3 Re8 22. a4 Nbd6 23. Nc5 Qc7 24. Nxe4 Nxe4 25. Rce2 Ng5 26. d5 Rac8 27. Bxg5 Rxe2 28. Rxe2 fxg5 29. dxc6 Rd8 30. Rc2 Qd6
31. h3 bxc6 32. Rxc6 Qd3 33. Rc8 Rxc8 34. Qxc8+ Kh7 35. Qc3 Qe4 36. a5 g4 37. hxg4 Qxg4 38. Qd3+ Kh8 39. Qd8+ Kh7 40. Qd3+ Kh8
0-1

[Event "Blitz RR (May 2016) 1500-1799 "]
[Site "SchemingMind.com"]
[Date "2016.05.01"]
[Round "-"]
[White "mmccaffe"]
[Black "emvarela"]
[Result "0-1"]
[WhiteCountry "USA"]
[BlackCountry "ARG"]
[WhiteElo "1598"]
[WhiteRD "71"]
[BlackElo "1652"]
[BlackRD "47"]
[GameID "398730"]

1. d4 Nf6 2. c4 g6 3. Nc3 Bg7 4. Nf3 d6 5. e4 O-O 6. Be2 e5 7. O-O Nc6 8. d5 Ne7 9. h3 c6 10. Be3 cxd5
11. cxd5 Bd7 12. Qd2 a6 13. Rac1 Rc8 14. Ne1 Ne8 15. Nd3 f5 16. f3 f4 17. Bf2 Nf6 18. b4 b5 19. Ra1 a5 20. a3 axb4
21. axb4 Ra8 22. Qb2 Qc7 23. Rfc1 Qb7 24. Rxa8 Rxa8 25. Ra1 Ne8 26. Nc1 Nc7 27. Nb3 Nc8 28. Na5 Qb8 29. Nc6 Bxc6 30. dxc6 Ne7
31. Rxa8 Qxa8 32. Nxb5 Qxc6 33. Nxc7 Qxc7 34. b5 Nc8
0-1

[Event "Blitz RR (May 2016) 1500-1799 "]
[Site "SchemingMind.com"]
[Date "2016.05.01"]
[Round "-"]
[White "emvarela"]
[Black "mmccaffe"]
[Result "1-0"]
[WhiteCountry "ARG"]
[BlackCountry "USA"]
[WhiteElo "1652"]
[WhiteRD "47"]
[BlackElo "1598"]
[BlackRD "71"]
[GameID "398731"]

1. e4 c6 2. d4 d5 3. Nc3 dxe4 4. Nxe4 Bf5 5. Ng3 Nf6 6. Nxf5 e6 7. Ne3 Nbd7 8. Nf3 c5 9. dxc5 Bxc5 10. Ne5 Nxe5
11. Bb5+ Kf8 12. Qxd8+ Rxd8 13. Bd2 a6 14. Ba4 b5 15. Bb3 Nd5 16. Bxd5 exd5 17. O-O-O g6 18. h3 Nc4 19. Nxc4 dxc4 20. Bh6+
1-0

[Event "Blitz RR (May 2016) 1500-1799 "]
[Site "SchemingMind.com"]
[Date "2016.05.01"]
[Round "-"]
[White "mmccaffe"]
[Black "Simon Green"]
[Result "1-0"]
[WhiteCountry "USA"]
[BlackCountry "ENG"]
[WhiteElo "1647"]
[WhiteRD "72"]
[BlackElo "1621"]
[BlackRD "55"]
[GameID "398732"]

1. d4 e6 2. c4 d5 3. Nc3 c6 4. e3 Nf6 5. Nf3 Be7 6. Bd3 O-O 7. O-O Nbd7 8. b3 Bb4 9. Bb2 Qc7 10. a3 Bxc3
11. Bxc3 a6 12. c5 b5 13. b4 h6 14. Qe2 Nh7 15. e4 f6 16. exd5 cxd5 17. Qxe6+ Rf7 18. Bxh7+ Kf8 19. Nh4 Ne5 20. Qxd5
1-0

[Event "Blitz RR (May 2016) 1500-1799 "]
[Site "SchemingMind.com"]
[Date "2016.05.01"]
[Round "-"]
[White "Simon Green"]
[Black "mmccaffe"]
[Result "0-1"]
[WhiteCountry "ENG"]
[BlackCountry "USA"]
[WhiteElo "1621"]
[WhiteRD "55"]
[BlackElo "1647"]
[BlackRD "72"]
[GameID "398733"]

1. d4 Nf6 2. e3 g6 3. Bd3 Bg7 4. f4 d5 5. Nf3 O-O 6. O-O Nbd7 7. Nbd2 b6 8. Qe1 Bb7 9. Ne5 c5 10. c3 c4
11. Bc2 Nxe5 12. fxe5 Ne4 13. Nxe4 dxe4 14. Bd2 f6 15. exf6 exf6 16. b3 cxb3 17. axb3 f5 18. b4 Qg5 19. Qe2 a5
0-1

[Event "Blitz RR (May 2016) 1500-1799 "]
[Site "SchemingMind.com"]
[Date "2016.05.01"]
[Round "-"]
[White "mmccaffe"]
[Black "j4orce"]
[Result "0-1"]
[WhiteCountry "USA"]
[BlackCountry "USA"]
[WhiteElo "1647"]
[WhiteRD "72"]
[BlackElo "1665"]
[BlackRD "88"]
[GameID "398734"]

1. d4 d5 2. Nf3 Nc6 3. g3 Nf6 4. Bg2 Bg4 5. O-O h6 6. c3 e6 7. Nbd2 Bd6 8. h3 Bf5 9. g4 Bg6 10. e3 h5
11. g5 Ne4 12. h4 f6 13. Nxe4 Bxe4 14. Ne1 fxg5 15. f3 Bg6 16. e4 gxh4 17. e5 Be7 18. f4 Bf5
0-1

[Event "Blitz RR (May 2016) 1500-1799 "]
[Site "SchemingMind.com"]
[Date "2016.05.01"]
[Round "-"]
[White "j4orce"]
[Black "mmccaffe"]
[Result "1-0"]
[WhiteCountry "USA"]
[BlackCountry "USA"]
[WhiteElo "1665"]
[WhiteRD "88"]
[BlackElo "1647"]
[BlackRD "72"]
[GameID "398735"]

1. Nf3 Nf6 2. d3 g6 3. e4 d6 4. h3 Bg7 5. Nc3 O-O 6. d4 Nc6 7. a3 e5 8. d5 Nb8 9. g4 b6 10. Bg5 h6
11. Bh4 g5 12. Bg3 Ba6 13. h4 Bxf1 14. Kxf1 Nxg4 15. Nh2 Nxh2+ 16. Rxh2 f5 17. exf5 Rxf5 18. Qg4 Qf6 19. Ne4
1-0

[Event "Blitz RR (May 2016) 1500-1799 "]
[Site "SchemingMind.com"]
[Date "2016.05.02"]
[Round "-"]
[White "Erik Johnson"]
[Black "mmccaffe"]
[Result "1-0"]
[WhiteCountry "USA"]
[BlackCountry "USA"]
[WhiteElo "1656"]
[WhiteRD "61"]
[BlackElo "1647"]
[BlackRD "72"]
[GameID "398780"]

1. e4 d6 2. d4 Nf6 3. Nc3 g6 4. Bg5 Bg7 5. Nf3 O-O 6. Bd3 Nc6 7. O-O h6 8. Bh4 g5 9. Bg3 Nd7 10. d5 Nce5
11. h4 Nxd3 12. Qxd3 g4 13. Nd2 Ne5 14. Qe2 f5 15. f3 gxf3 16. gxf3 fxe4 17. fxe4 Bg4 18. Rxf8+ Qxf8 19. Qf1 Qxf1+ 20. Rxf1 Rf8
21. Rxf8+ Kxf8 22. Nb5 c6 23. Nxa7
1-0

[Event "Blitz RR (May 2016) 1500-1799 "]
[Site "SchemingMind.com"]
[Date "2016.05.02"]
[Round "-"]
[White "mmccaffe"]
[Black "Erik Johnson"]
[Result "0-1"]
[WhiteCountry "USA"]
[BlackCountry "USA"]
[WhiteElo "1647"]
[WhiteRD "72"]
[BlackElo "1656"]
[BlackRD "61"]
[GameID "398781"]

1. Nf3 Nc6 2. g3 d5 3. d4 Bg4 4. Bg2 Nf6 5. O-O e6 6. c3 Bd6 7. Nbd2 O-O 8. h3 Bh5 9. g4 Bxg4 10. hxg4 Nxg4
11. Nh2 Bxh2+
0-1

[Event "Blitz RR (May 2016) 1500-1799 "]
[Site "SchemingMind.com"]
[Date "2016.05.03"]
[Round "-"]
[White "Erik Johnson"]
[Black "emvarela"]
[Result "1-0"]
[WhiteCountry "USA"]
[BlackCountry "ARG"]
[WhiteElo "1656"]
[WhiteRD "61"]
[BlackElo "1680"]
[BlackRD "49"]
[GameID "398782"]

1. e4 e5 2. Nf3 Nc6 3. Bb5 a6 4. Ba4 Nf6 5. Nc3 d6 6. d4 exd4 7. Nxd4 Bd7 8. Bg5 h6 9. Bh4 Nxd4 10. Qxd4 Be7
11. Bxd7+ Qxd7 12. O-O-O g5 13. Bg3 Rd8 14. Rhe1 Rf8 15. e5 dxe5 16. Qxe5 Qc8 17. Qxe7#
1-0

[Event "Blitz RR (May 2016) 1500-1799 "]
[Site "SchemingMind.com"]
[Date "2016.05.02"]
[Round "-"]
[White "emvarela"]
[Black "Erik Johnson"]
[Result "1-0"]
[WhiteCountry "ARG"]
[BlackCountry "USA"]
[WhiteElo "1652"]
[WhiteRD "47"]
[BlackElo "1619"]
[BlackRD "62"]
[GameID "398783"]

1. e4 d5 2. exd5 Qxd5 3. Nc3 Qa5 4. d4 c6 5. Nf3 Bg4 6. h3 Bh5 7. Be2 Nf6 8. O-O e6 9. a3 Nd5 10. Nxd5 cxd5
11. Bd2 Qd8 12. g4 Bg6 13. Bb5+ Nc6 14. Ne5 Qc7 15. Nxg6 hxg6 16. Qf3 O-O-O 17. Bxc6 bxc6 18. Kg2 f5 19. gxf5 gxf5 20. Rfe1 Kd7
21. Bf4 Bd6 22. Bxd6 Qxd6 23. Qg3 Rdg8 24. Qxd6+ Kxd6 25. Re5 g5 26. Rh1 g4 27. Rhe1 gxh3+ 28. Kh2 Rg2+ 29. Kh1 Rh6 30. R1e2 h2
31. Rxe6+ Rxe6 32. Rxe6+ Kxe6 33. Kxg2 f4 34. f3 h1=Q+ 35. Kxh1 Kd6 36. b4 Kc7 37. Kh2 Kb6 38. a4 a5 39. c3
1-0

[Event "Blitz RR (May 2016) 1500-1799 "]
[Site "SchemingMind.com"]
[Date "2016.05.04"]
[Round "-"]
[White "Erik Johnson"]
[Black "Simon Green"]
[Result "1-0"]
[WhiteCountry "USA"]
[BlackCountry "ENG"]
[WhiteElo "1656"]
[WhiteRD "61"]
[BlackElo "1621"]
[BlackRD "55"]
[GameID "398784"]

1. e4 e6 2. d4 d5 3. Nc3 Nf6 4. e5 Nfd7 5. f4 c5 6. Be3 c4 7. Qg4 f5 8. Qh5+ g6 9. Qe2 a6 10. g4 Bb4
11. a3 Bxc3+ 12. bxc3 b5 13. gxf5 exf5 14. h4 h5 15. Nf3 O-O 16. Ng5 Nb6 17. Bg2 Nc6 18. O-O Na4 19. Bd2 a5 20. Rfb1 Qe7
21. Rxb5 Be6 22. Nxe6 Qxe6 23. Bxd5
1-0

[Event "Blitz RR (May 2016) 1500-1799 "]
[Site "SchemingMind.com"]
[Date "2016.05.02"]
[Round "-"]
[White "Simon Green"]
[Black "Erik Johnson"]
[Result "1-0"]
[WhiteCountry "ENG"]
[BlackCountry "USA"]
[WhiteElo "1621"]
[WhiteRD "55"]
[BlackElo "1656"]
[BlackRD "61"]
[GameID "398785"]

1. d4 Nf6 2. e3 g6 3. Bd3 Bg7 4. f4 O-O 5. Nf3 d5 6. O-O Bg4 7. Qe1 Ne4 8. Nbd2 Nd7 9. Bxe4 dxe4 10. Nxe4 f5
11. Ned2 b6 12. Ne5 Nxe5 13. fxe5 c5 14. c3 Bh6 15. e4 fxe4 16. Nxe4 Bxc1 17. Rxc1 cxd4 18. Rxf8+ Qxf8 19. cxd4 Qf7 20. Qh4 Bf5
21. Rc7 Rc8 22. Nf6+ exf6 23. Rxf7 Rc1+ 24. Kf2 Rc2+ 25. Ke3 Kxf7 26. Qxh7+ Ke6 27. Qg8+ Ke7 28. Qg7+ Ke8 29. exf6
1-0

[Event "Blitz RR (May 2016) 1500-1799 "]
[Site "SchemingMind.com"]
[Date "2016.05.02"]
[Round "-"]
[White "Erik Johnson"]
[Black "j4orce"]
[Result "1-0"]
[WhiteCountry "USA"]
[BlackCountry "USA"]
[WhiteElo "1656"]
[WhiteRD "61"]
[BlackElo "1665"]
[BlackRD "88"]
[GameID "398786"]

1. e4 Nf6 2. e5 Nd5 3. d4 d6 4. Nf3 Bg4 5. c4 Nb6 6. Be2 h6 7. O-O e6 8. Nfd2 Bf5 9. Nc3 a6 10. Nde4 Bxe4
11. Nxe4 d5 12. cxd5 Nxd5 13. Nc3 Nc6 14. a4 Be7 15. Qd3 Nxc3 16. bxc3 Bg5 17. Bxg5 hxg5 18. Rfb1 Rb8 19. Qe4 Rh4 20. Qf3 Qd7
21. g3 Rh8 22. Ra2 Na5 23. Bxa6 b6 24. Rab2 c6 25. Rxb6 Rxb6 26. Rxb6 Ke7 27. Bd3 Qc7 28. Rb1 Rb8 29. Rxb8 Qxb8 30. Qd1 Qb2
31. Qc2 Nc4 32. Qxb2 Nxb2 33. a5 Kd7 34. Be2 Kc7 35. Kg2 Na4 36. c4 c5 37. d5 Nc3 38. d6+ Kb8 39. a6 Na4 40. a7+
1-0

[Event "Blitz RR (May 2016) 1500-1799 "]
[Site "SchemingMind.com"]
[Date "2016.05.02"]
[Round "-"]
[White "j4orce"]
[Black "Erik Johnson"]
[Result "0-1"]
[WhiteCountry "USA"]
[BlackCountry "USA"]
[WhiteElo "1665"]
[WhiteRD "88"]
[BlackElo "1656"]
[BlackRD "61"]
[GameID "398787"]

1. Nf3 Nc6 2. d4 d5 3. Nc3 Nf6 4. h3 Bf5 5. a3 e6 6. Bf4 a6 7. e3 Be7 8. Bd3 Bxd3 9. Qxd3 O-O 10. e4 dxe4
11. Nxe4 Nxe4 12. Qxe4 Bf6 13. c3 Rb8 14. h4 Ne7 15. g4 Ng6 16. g5 Nxf4 17. Qxf4 Be7 18. Rd1 Bd6 19. Qe4 Qe7 20. Ke2 f5
21. Qe3 c6 22. b4 b5 23. c4 f4 24. Qe4 Qd7 25. Rhg1 bxc4 26. Rc1 a5 27. Rxc4 axb4 28. axb4 Rxb4 29. Rxc6 Rb2+ 30. Rc2 Qb5+
31. Kd1 Rb1+ 32. Rc1 Qb3+ 33. Kd2 Bb4+ 34. Ke2 Rb2+ 35. Kf1 Qa2 36. Rg2 Qa6+ 37. Kg1 Re2 38. Qb1 Ba3 39. Rd1 Rc8 40. g6 h6
41. Kh2 Be7 42. Rgg1 Rxf2+ 43. Rg2 Rxg2+ 44. Kxg2 Qe2+ 45. Kg1 Qxf3 46. Rf1 Qg3+ 47. Kh1 Qxh4+ 48. Kg1 Qg3+ 49. Kh1 f3 50. Qa2 Qh4+
51. Kg1 Qg5+
0-1